Представление документа в формате RUSMARC

ПолеНазваниеЗначение
  Тип записи a
  Библиографический уровень m
001 Контрольный номер RU/SLIB/B/208712157
005 Дата корректировки 20240604123859.5
010 Индекс ISBN __
a ISBN 985-456-301-4
d Цена 28-00
101 Язык документа 0_
a Язык текста rus
c Язык оригинала rus
200 Заглавие и сведения об ответственности 1_
a Заглавие Всемирная история
e Сведения, относящиеся к заглавию в 24 т.
f Первые сведения об ответственности А. Н. Бадак [и др.]
b Общее обозначение материала Текст
h Номер части Т. 21
i Наименование части Мир в период создания СССР
210 Выходные данные 1_
a Место издания Минск
c Издательство Соврем. литератор
d Дата издания 1999
215 Физическое описание __
a Объем 416 с.
327 Примечание о содержании 0_
a Примечание о содержании Советская Россия в войне против иностранной интервенции. Гражданская война
330 Аннотация __
a Аннотация В период создания СССР международная обстановка оставалась сложной. Правящие круги капиталистических держав оказались перед лицом резко усиливающегося революционного движения, размах, глубина и результаты которого были различны в зависимости от конкретных экономических и политических условий, сложившихся в каждой из них. Советская Россия приложила немало усилий для установления мирных отношений с соседями, но неустойчивость международного положения и опасность новых нападений делали неизбежным создание единого фронта советских республик перед лицом капиталистического окружения.
606 Тематические рубрики __
a Основная рубрика Всемирная история
a Основная рубрика История
a Основная рубрика Новейшая история
z Хронологическая подрубрика 1918-1923 гг.; 20 в. нач.
y Географическая подрубрика Россия; СССР; Англия; Великобритания; Франция; США; Соединенные Штаты Америки; Япония; Италия; Испания; Китай; Германия; Болгария; Польша
610 Ключевые слова 0_
a Ключевые слова революции; капитализм; политика; политические партии; политические движения; революционное движение; революционное преобразование; революционные деятели; рабочее движение; рабочий класс; коммунизм; социалистическая система хозяйства; социалистические страны; социалистическое движение; интернационализм; международные конференции
686 Индексы других классификаций __
a Классификационный индекс 63.3(0)
686 Индексы других классификаций __
a Классификационный индекс 63.3(0)61 ; ст63.3(0) + ст63.3(0)61
702 Вторичная интеллектуальная ответственность _1
a Фамилия Бадак
b Имя А. Н.
4 Код отношения Автор
801 Источник записи _0
a Страна RU
b Организация Муниципальное бюджетное учреждение культуры "Централизованная библиотечная система" г. Сургут (Центральная городская библиотека им. А. С. Пушкина)
g Правила каталогизации КиК/Варварина
801 Источник записи _1
a Страна RU
b Организация Муниципальное бюджетное учреждение культуры "Централизованная библиотечная система" г. Сургут (Центральная городская библиотека им. А. С. Пушкина)
g Правила каталогизации КиК/Варварина
852 Данные о местонахождении __
j Шифр хранения 63.3(0)
c Каталожный индекс 63.3(0); 63.3(0)61
i Авторский знак В 84
901 Тип документа __
t Тип документа m
903 Характеристики (МАРС) __
a Дата передачи 20010416
990 Данные о заказе (DOS) 00
j Количество экземпляров (DOS) 5
t N записи в КСУ для И/У (DOS) 200104